书目信息 |
| 题名: |
工程制图基础
|
|
| 作者: | 李广君 主编 | |
| 分册: | ||
| 出版信息: | 哈尔滨 哈尔滨船泊工程学院出版社 1999.7 |
|
| 页数: | 264页 | |
| 开本: | 26cm | |
| 丛书名: | ||
| 单 册: | ||
| 中图分类: | TB23-43 | |
| 科图分类: | ||
| 主题词: | 工程制图 | |
| 电子资源: | ||
| ISBN: | 7-81007-966-2 | |
| 000 | 00560nam0 2200193 45 | |
| 001 | 8034914244 | |
| 005 | 1980010609415404 | |
| 010 | @a7-81007-966-2@dRMB 19.00 | |
| 100 | @a19800106d1999 km y0chiy0120 ea | |
| 101 | 0 | @achi |
| 102 | @aCN@b230000 | |
| 200 | 1 | @a工程制图基础@Agong cheng zhi tu ji chu@f李广君等主编@Fli guang jun deng zhu bian |
| 210 | @a哈尔滨@c哈尔滨船泊工程学院出版社@d1999.7 | |
| 215 | @a264页@d26cm | |
| 606 | 0 | @a工程制图 |
| 690 | @aTB23-43@v3 | |
| 701 | 0 | @a李广君@Ali guang jun@4主编 |
| 801 | 0 | @aCN@bPFT@c19800106 |
| 905 | @dTB23-43@eL160 | |
| 工程制图基础/李广君等主编.-哈尔滨:哈尔滨船泊工程学院出版社,1999.7 |
| 264页;26cm |
| ISBN 7-81007-966-2:RMB 19.00 |
| ● |
| 相关链接 |
|
|
|
正题名:工程制图基础
索取号:TB23-43/L160
 
预约/预借
| 序号 | 登录号 | 条形码 | 馆藏地/架位号 | 状态 | 备注 |
| 1 | 358407 | 203584077 | 自科库501/501自科库 6排4列3层/ [索取号:TB23-43/L160] | 在馆 | |
| 2 | 358408 | 203584086 | 自科库501/501自科库 6排4列3层/ [索取号:TB23-43/L160] | 在馆 | |
| 3 | 358409 | 203584095 | 自科库501/501自科库 6排4列3层/ [索取号:TB23-43/L160] | 在馆 |